Landen die het dichtst bij San Marino liggen - Statistieken

Algemene statistieken
  • Deze quiz is 58 keer genomen
  • De gemiddelde score is 18 van 20
Antwoordstatistieken
km land % Correct
0 Italië
100%
310 Zwitserland
100%
259 Frankrijk
98%
141 Kroatië
96%
186 Slovenië
96%
291 Oostenrijk
94%
271 Bosnië en Herzegovina
92%
221 Vaticaanstad
92%
587 Albanië
90%
571 Slowakije
88%
421 Hongarije
86%
524 Servië
86%
388 Duitsland
84%
622 Kosovo
84%
526 Tsjechië
84%
409 Liechtenstein
82%
457 Monaco
82%
495 Montenegro
82%
695 Noord-Macedonië
76%
653 Roemenië
65%
Geen overeenkomende quizzen gevonden
Scoreverdeling
Procent van Mensen met Elke Score
Percentiel versus Aantal Correcte Antwoorden
Uw Scoregeschiedenis
U heeft deze quiz nog niet genomen